1197 1804 1247 1057 1993 1750 1651 1697 1186 1763 1325 1583 1516 1341 1009 1162 1242 1204 1885 1920 1656 1367 1838 1361 1793 1603 1575 1805 1976 1198 1811 1191 1326 1542 1657 1087 1131 1621 1519 1993 1105 1429 1783 1771 1379 1742 1329 1242 1327 1866 1245 1297 1409 1345 1899 1239 1935 1685 1902 1475 1425 1470 1149 1410 1496 1461 1229 1118 1675 1565 1803 1578 1472 1454 1718 1655 1145 1897 1837 1771 1582 1075 1989 1449 1657 1237 1819 1196 1077 1666 1580 1938 1445 1018 1140 1616 1019 1534 1884 BCNSPRNW ULIB Ver.6.0+V

เปลี่ยนเป็นภาษาไทย

Change to English
 แสดงรายละเอียดบรรณานุกรม
  กลับหน้าหลัก

Brief Record : Get Marc (ISO 2709) : E-mail record : QR code < ปิดหน้าต่าง
LEADER : 00000nam 2200000uu 4500
001    13399120712
003     ULIB
008    120622s2544||||th 000 0 tha d
020    ^a9742938148
060 04 ^aWY159^bพ239ก ล.1
100 0  ^aพรทิพย์ ศิริบูรณ์พัฒนา
245 00 ^aการพยาบาลเด็ก^nเล่ม 1 /^cพรทิพย์ ศิริบูรณ์พัฒนา,บรรณาธิการ
250    ^aพิมพ์ครั้งที่ 1
260    ^aนนทบุรี :^bโครงการสวัสดิการวิชาการ สถาบันพระบรมราชชนกกระทรวงสาธารณสุข,^c2544
300    ^a[9], 255 หน้า :^bภาพประกอบ ;^c26 ซม.
650  7 ^aการพยาบาลกุมารเวชศาสตร์
700 0  ^aพรทิพย์ ศิริบูรณ์พิพัฒนา,^eบรรณาธิการ
710 2  ^aสถาบันพระบรมราชชนก. ^bโครงการสวัสดิการวิชาการ
945    ^p180^l0^i13894
995    ^aทศพร
999    ^aใช้งานได้ทุกระบบ
รายการนี้ยังไม่มีแท็ก
คุณยังไม่ได้ล็อกอิน คุณสามารถมีกิจกรรมร่วมกับเว็บไซต์ได้ แต่ต้องล็อกอินก่อน ::
  ล็อกอิน

รายการสื่อสารสนเทศ

ลำดับที่ ประเภท เลขเรียก/บาร์โค้ด สถานที่ สถานะ
1. Book การพยาบาล
Book การพยาบาล
WY159 พ239ก ล.1 ฉ.1 
  Barcode: 13894
ห้องสมุดวิทยาเขตนครสวรรค์
►หนังสือทั่วไป:l:General Books
บนชั้น

รายการใกล้เคียง
    ผู้แต่ง [พรทิพย์ ศิริบูรณ์พัฒนา]

    หัวเรื่อง [การพยาบาลกุมารเวชศาสตร์]

BibComment


ยังไม่เคยถูกคอมเมนท์

คอมเมนท์ทรัพยากรรายการนี้
  คอมเมนท์: การพยาบาลเด็ก เล..


 Copyright 2026. Bcnsprnw @Library